000 02770cam a2200361 i 4500
999 _c10634
_d10634
001 20859091
003 GZU
005 20220628102809.0
008 190220s2019 nyu 000 1 eng
010 _a 2019007497
020 _a9781509877942
_q(Hardcover)
020 _z9780399179488
_q(Ebook)
040 _aDLC
_beng
_cDLC
_erda
_dDLC
042 _apcc
050 0 0 _aPS3569.
_bSTE 2019
082 0 0 _223
084 _aFIC044000
_aFIC045000
_aFIC027020
_2bisacsh
100 1 _aSteel, Danielle,
_eauthor.
_d1947 -
245 1 0 _aLost and found :
_ba novel /
_cDanielle Steel.
250 _aFirst edition.
264 1 _aLondon; New York :
_bMacmillan; Delacorte Press,
_c[2019]
300 _a270 pages ;
_c25 cm
336 _atext
_btxt
_2rdacontent
337 _aunmediated
_bn
_2rdamedia
338 _avolume
_bnc
_2rdacarrier
520 _a"What might have been? That tantalizing question propels a woman on a cross-country adventure to reunite with the men she loved and let go, in Danielle Steel's exhilarating new novel. It all starts with a fall from a ladder, in a firehouse in New York City. The firehouse has been converted into a unique Manhattan home and studio where renowned photographer Madison Allen works and lives after raising three children on her own. But the accident, which happens while Maddie is sorting through long-forgotten personal mementos and photos, results in more than a broken ankle. It changes her life. Spurred by old memories, the forced pause in her demanding schedule, and an argument with her daughter that leads to a rare crisis of confidence, Maddie embarks on a road trip. She hopes to answer questions about the men she loved and might have married--but didn't--in the years after she was left alone with three young children. Wearing a cast and driving a rented SUV, she sets off to reconnect with three very different men--one in Boston, one in Chicago, and another in Wyoming--to know once and for all if the decisions she made long ago were the right ones. Before moving forward into the future, she is compelled to confront the past. As the miles and days pass, and with each new encounter, Maddie's life comes into clearer focus and a new future takes shape. A deeply felt story about love, motherhood, family, and fate, Lost and Found is an irresistible new novel from America's most dynamic storyteller"--
_cProvided by publisher.
650 7 _aFICTION / Contemporary Women.
_2bisacsh
650 7 _aFICTION / Family Life.
_2bisacsh
650 7 _aFICTION / Romance / Contemporary.
_2bisacsh
906 _a7
_bcbc
_corignew
_d1
_eecip
_f20
_gy-gencatlg
942 _2lcc
_cBK
_eFirst edition
_h3569
_iSTE
_kPS